[Event "All Africa Games Kenya qual"]
[Site "Nairobi"]
[Date "2019.02.01"]
[Round "2.5"]
[White "Mwangi, George"]
[Black "Mukabi, John"]
[Result "1/2-1/2"]
[WhiteElo "1903"]
[BlackElo "1877"]
[PlyCount "90"]
[EventDate "2019.02.01"]
[EventType "swiss"]
[EventRounds "6"]
[EventCountry "KEN"]
[SourceTitle "EXT 2024"]
[Source "ChessBase"]
[SourceDate "2023.10.10"]
[SourceVersion "1"]
[SourceVersionDate "2023.10.10"]
[SourceQuality "1"]

1. d4 d5 2. Nf3 e6 3. Bf4 c5 4. e3 Nc6 5. c3 Nf6 6. Bd3 Be7 7. Nbd2 0-0 8. 0-0 Nh5 9. Ne5 Nxf4 10. Nxc6 bxc6 11. exf4 cxd4 12. cxd4 Qb6 13. Nb3 a5 14. Qc2 g6 15. Nc5 Qb4 16. g3 Qxd4 17. Nb3 Qb6 18. Rfe1 c5 19. Bf1 Ba6 20. Bg2 Rab8 21. Rab1 c4 22. Nd2 Bc5 23. Nf3 d4 24. a3 d3 25. Qd2 Rfd8 26. Ne5 Rbc8 27. h4 f6 28. Ng4 Bd4 29. Nh6+ Kg7 30. Ng4 Rb8 31. f5 gxf5 32. Qh6+ Kg8 33. Nxf6+ Bxf6 34. Qxf6 Rd6 35. Bf3 Qd8 36. Qe5 Bb7 37. Bxb7 Rxb7 38. Rbd1 Qb6 39. Rd2 Qd4 40. Qxd4 Rxd4 41. Rxe6 Re4 42. Rc6 Re2 43. Rd1 Rbxb2 44. Rxc4 Rec2 45. Rd4 Rxf2 1/2-1/2